| 000 | 00454cam a2200181ua 4500 | ||
|---|---|---|---|
| 020 |
_a0-87692-457-7 _c95.00 |
||
| 041 |
_aeng _h |
||
| 082 |
_a532.1 _bMOH/FL |
||
| 100 | _aMohanty, A K . | ||
| 245 |
_aFluid mechanics / _cA K Mohanty. _hTextual Documents |
||
| 250 |
_a1 / _b. |
||
| 260 |
_aNew Delhi : _bPrentice Hall of India Pvt Ltd. , _c1992. |
||
| 300 | _a432 ; . | ||
| 365 | _a95.00 | ||
| 504 | _a | ||
| 942 | _cBK | ||
| 999 |
_c7487 _d7487 |
||